The Middle East (Kingfisher Knowledge) / (Record no. 4951)
[ view plain ]
| 000 -LEADER | |
|---|---|
| fixed length control field | 01125nam a22003017a 4500 |
| 001 - CONTROL NUMBER | |
| control field | 4951 |
| 003 - CONTROL NUMBER IDENTIFIER | |
| control field | FISKH |
| 005 - DATE AND TIME OF LATEST TRANSACTION | |
| control field | 20241028121248.0 |
| 008 - FIXED-LENGTH DATA ELEMENTS--GENERAL INFORMATION | |
| fixed length control field | 241028b cb ||||| |||| 00| 0 eng d |
| 020 ## - INTERNATIONAL STANDARD BOOK NUMBER | |
| International Standard Book Number | 9780753463130 |
| 040 ## - CATALOGING SOURCE | |
| Original cataloging agency | FISKH |
| Language of cataloging | eng |
| Transcribing agency | FISKH |
| Modifying agency | FISKH |
| 050 ## - LIBRARY OF CONGRESS CALL NUMBER | |
| Classification number | DS44.S697 |
| 082 ## - DEWEY DECIMAL CLASSIFICATION NUMBER | |
| Classification number | 956 |
| 100 ## - MAIN ENTRY--PERSONAL NAME | |
| Personal name | Philip Steele |
| 245 ## - TITLE STATEMENT | |
| Title | The Middle East (Kingfisher Knowledge) / |
| Statement of responsibility, etc. | by Philip Steele |
| 250 ## - EDITION STATEMENT | |
| Edition statement | First published in hardcover in 2006 |
| 260 ## - PUBLICATION, DISTRIBUTION, ETC. | |
| Place of publication, distribution, etc. | New York : |
| Name of publisher, distributor, etc. | Kingfisher ; |
| Date of publication, distribution, etc. | 2006 . |
| 300 ## - PHYSICAL DESCRIPTION | |
| Extent | 63 pages : |
| Other physical details | color illustrations ; |
| Dimensions | 28 cm . |
| 490 ## - SERIES STATEMENT | |
| Series statement | Kingfisher Knowledge |
| 505 ## - FORMATTED CONTENTS NOTE | |
| Formatted contents note | Z <br/> |
| 520 ## - SUMMARY, ETC. | |
| Summary, etc. | An account of the Middle East including its history as the birthplace of civilization as well as its modern nations. Provides an account of the history of the Middle East and sixteen of the countries that comprise it, discussing their geography, culture, art, religion, and other related topics. |
| 521 8# - TARGET AUDIENCE NOTE | |
| Target audience note | 1110 <br/> |
| Source | Lexile NC <br/> |
| 521 8# - TARGET AUDIENCE NOTE | |
| Target audience note | Z <br/> |
| Source | Raz-Plus <br/> |
| 650 ## - SUBJECT ADDED ENTRY--TOPICAL TERM | |
| Topical term or geographic name entry element | geography |
| Form subdivision | non-ficiton |
| 700 ## - ADDED ENTRY--PERSONAL NAME | |
| Personal name | Adams, Paul |
| Relator term | editor |
| 942 ## - ADDED ENTRY ELEMENTS (KOHA) | |
| Source of classification or shelving scheme | Dewey Decimal Classification |
| Koha item type | Books |
| Suppress in OPAC | No |
| Withdrawn status | Lost status | Source of classification or shelving scheme | Damaged status | Not for loan | Collection | Home library | Current library | Shelving location | Date acquired | Total Checkouts | Full call number | Barcode | Date last seen | Price effective from | Koha item type |
|---|---|---|---|---|---|---|---|---|---|---|---|---|---|---|---|
| Dewey Decimal Classification | Non-Fiction | Footprints International School Library Network Toul Kork Campus | Footprints International School Library Network Toul Kork Campus | TTP Secondary Non-Fiction Bookshelves | 10/28/2024 | STE 956 DS44.S697 | FISSE01281 | 10/28/2024 | 10/28/2024 | Books |
